Casse pipe (Record no. 124343)
[ view plain ]
| 000 -LEADER | |
|---|---|
| fixed length control field | 00742cam a22002531 4500 |
| 001 - CONTROL NUMBER | |
| control field | 7899517 |
| 003 - CONTROL NUMBER IDENTIFIER | |
| control field | ARRUPE |
| 005 - DATE AND TIME OF LATEST TRANSACTION | |
| control field | 20160309093313.0 |
| 008 - FIXED-LENGTH DATA ELEMENTS--GENERAL INFORMATION | |
| fixed length control field | 760510s1949 fr 000 1 fre c |
| 010 ## - LIBRARY OF CONGRESS CONTROL NUMBER | |
| LC control number | a 51000261 |
| 035 ## - SYSTEM CONTROL NUMBER | |
| System control number | (OCoLC)2165898 |
| 040 ## - CATALOGING SOURCE | |
| Original cataloging agency | Illinois. Univ. Library |
| Transcribing agency | NOsU |
| Modifying agency | OCoLC |
| -- | DLC |
| 042 ## - AUTHENTICATION CODE | |
| Authentication code | premarc |
| 050 00 - LIBRARY OF CONGRESS CALL NUMBER | |
| Classification number | PQ2607.E834 |
| Item number | C3 |
| 082 ## - DEWEY DECIMAL CLASSIFICATION NUMBER | |
| Classification number | 843.91 |
| 300 ## - PHYSICAL DESCRIPTION | |
| Dimensions | 18cm. |
| 100 1# - MAIN ENTRY--PERSONAL NAME | |
| Personal name | Céline, Louis-Ferdinand, |
| Dates associated with a name | 1894-1961. |
| 9 (RLIN) | 22840 |
| 245 10 - TITLE STATEMENT | |
| Title | Casse pipe |
| Statement of responsibility, etc | [par] Louis-Ferdinand Céline [pseud.] |
| 260 ## - PUBLICATION, DISTRIBUTION, ETC. (IMPRINT) | |
| Place of publication, distribution, etc | Paris, |
| Name of publisher, distributor, etc | Gallimard |
| Date of publication, distribution, etc | 1952 |
| 300 ## - PHYSICAL DESCRIPTION | |
| Extent | 123p.; |
| 440 ## - SERIES STATEMENT/ADDED ENTRY--TITLE | |
| Title | Folio |
| 9 (RLIN) | 20989 |
| 700 ## - ADDED ENTRY--PERSONAL NAME | |
| Personal name | Destouches, Louis Ferdinand |
| 9 (RLIN) | 22841 |
| 906 ## - LOCAL DATA ELEMENT F, LDF (RLIN) | |
| a | 7 |
| b | cbc |
| c | oclcrpl |
| d | u |
| e | ncip |
| f | 19 |
| g | y-gencatlg |
| 942 ## - ADDED ENTRY ELEMENTS (KOHA) | |
| Source of classification or shelving scheme | Library of Congress Classification |
| Koha item type | Monograph ( Printed materials) |
| Withdrawn status | Lost status | Source of classification or shelving scheme | Damaged status | Not for loan | Collection code | Home library | Current library | Shelving location | Date acquired | Total Checkouts | Full call number | Barcode | Date last seen | Price effective from | Koha item type |
|---|---|---|---|---|---|---|---|---|---|---|---|---|---|---|---|
| Library of Congress Classification | Main Collection | ARRUPE LIBRARY | ARRUPE LIBRARY | Main Collection | 09/03/2016 | PQ2607.E834C3 | 46500006338 | 26/03/2019 | 09/03/2016 | Monograph ( Printed materials) |